Textbook of Computer Science. II PUC (Record no. 99359)

MARC details
000 -LEADER
fixed length control field 00480nam a2200193Ia 4500
003 - CONTROL NUMBER IDENTIFIER
control field OSt
005 - DATE AND TIME OF LATEST TRANSACTION
control field 20260527145629.0
008 - FIXED-LENGTH DATA ELEMENTS--GENERAL INFORMATION
fixed length control field 210210b1996 xxu||||| |||| 00| 0 eng d
040 ## - CATALOGING SOURCE
Transcribing agency AL
041 ## - LANGUAGE CODE
Language code of text/sound track or separate title English
082 ## - DEWEY DECIMAL CLASSIFICATION NUMBER
Classification number 001.64 MADT
100 ## - MAIN ENTRY--PERSONAL NAME
Personal name MADAN (N).
9 (RLIN) 264756
245 ## - TITLE STATEMENT
Title Textbook of Computer Science. II PUC
260 ## - PUBLICATION, DISTRIBUTION, ETC.
Place of publication, distribution, etc. Mumbai
Name of publisher, distributor, etc. Himalaya Publishing House
Date of publication, distribution, etc. 1996
300 ## - PHYSICAL DESCRIPTION
Extent xxiv,246
690 ## - LOCAL SUBJECT ADDED ENTRY--TOPICAL TERM (OCLC, RLIN)
Topical term or geographic name as entry element Computer Science
9 (RLIN) 264757
906 ## - LOCAL DATA ELEMENT F, LDF (RLIN)
a 051083
942 ## - ADDED ENTRY ELEMENTS (KOHA)
Source of classification or shelving scheme Dewey Decimal Classification
Koha item type Book
Holdings
Withdrawn status Lost status Damaged status Not for loan Collection code Home library Current library Shelving location Date acquired Cost, normal purchase price Total Checkouts Full call number Barcode Date last seen Price effective from Koha item type
Discarded         St Aloysius Library St Aloysius Library   02/17/2021 0.00   001.64 MADT 051083 02/17/2021 02/17/2021 Book
Discarded         St Aloysius Library St Aloysius Library   02/17/2021 0.00   001.64 MADT 051399 02/17/2021 02/17/2021 Book
Discarded         St Aloysius Library St Aloysius Library   02/17/2021 0.00   001.64 MADT 051400 02/17/2021 02/17/2021 Book
Discarded         St Aloysius Library St Aloysius Library   02/17/2021 0.00   001.64 MADT 051398 02/17/2021 02/17/2021 Book
Discarded         St Aloysius Library St Aloysius Library   02/17/2021 0.00   001.64 MADT 051401 02/17/2021 02/17/2021 Book
Discarded         St Aloysius Library St Aloysius Library   02/17/2021 0.00   001.64 MADT 051402 02/17/2021 02/17/2021 Book